000 00634nam a2200241 a 4500
001 nice12345678
003 IN_TiNIC
005 20260116014055.0
008 050524s2004 vera grp 000 0 eng
020 _a159477X
_c585
082 0 0 _a294.54
_bSTO
100 _aStorl, Wolf-Dieter
245 _aShiva, the Wild God of Power and Ecstasy
260 _aVermont
_bInner Tradition International
_c2004
300 _a296p
500 _aincludes index and biblioraphy
505 2 _aNotes, Bibliography, Index
650 _aShivaism
700 1 _aStorl, Wolf-Dieter
902 _bSRS
942 _cBK
999 _c13756
_d13756